F1 Season 1985 Race Winners - Statistics

General Stats
  • This quiz has been taken 10 times
  • The average score is 15 of 16
Answer Stats
Grand Prix Country Winner % Correct
Brazil France Alain Prost
100%
Monaco France Alain Prost
100%
United Kingdom France Alain Prost
100%
Austria France Alain Prost
100%
Italy France Alain Prost
100%
Portugal Brazil Ayrton Senna
100%
Belgium Brazil Ayrton Senna
100%
France Brazil Nelson Piquet
100%
Detroit (USA) Finland Keke Rosberg
89%
Australia Finland Keke Rosberg
89%
European (UK) United Kingdom Nigel Mansell
89%
South Africa United Kingdom Nigel Mansell
89%
Netherlands Austria Niki Lauda
89%
Canada Italy Michele Alboreto
78%
West Germany Italy Michele Alboreto
78%
San Marino Italy Elio de Angelis
67%
No matching quizzes found
Score Distribution
Percent of People with Each Score
Percentile by Number Answered
Your Score History
You have not taken this quiz